00857nam a22002417a 450000500170000001000130001702000220003003500130005203700160006504000120008108200160009310000240010924500750013326000550020827000450026330000260030850000330033465000300036765000290039794200250042699900190045195201450047020170124110153.0 aA-677765 c00.00a8121505593 aA-677765 bCen Lib/Ret aDPLbEN a181.49bPAN aPandit, B.N.934353 aThe mirrior of self-supremacy or svatantrya-darpana /cby B.N. Pandit  aNew Delhi bMunshiram Manoharlal Publishers c1993 bNew Delhi a54, rani jhansi roade110055 aviii, 141p.c19cm(Hb) aIncludes glossary and index  aIndian Philosophy 934354 aKashmir Sˁaivism934355 2ddccENh181.49mPAN c132327d132327 04104070aLbLd2015-07-22eCen Lib/Retg0.00l0o181.49 PANpA-677765r2015-07-22 00:00:00t1v0.00w2015-07-22yENzW/d list no. 6805/14